History Quiz

Random History or Famous Quiz

Famous Quotes About 'U' & 'V' Quiz Stats

 Plays Quiz Updated Sep 20, 2016

Challenge
Share
Tweet
Embed
Score 0/28 Timer 08:00
4 Plays Today
% Correct
Vegetables
97.3%
Voice
97.2%
View
97.1%
Victory
95.7%
Unintentionally
95.1%
Uninteresting
93.1%
Underwear
92.6%
Umpire
92.3%
Ugliness
92.3%
Vending
91.6%
Vessel
91.4%
Value
91.4%
Unhappiness
90.6%
Unstoned
89.8%
% Correct
Vision
89.8%
Useful
89.2%
Velvet
88.9%
Vegetarian
86.8%
Unarmed
86.7%
Visa
86.6%
Untold
85%
Unity
84.2%
Universe
83.8%
Vacation
82.1%
Velcro
79.9%
Vulgarity
63.2%
Vasectomy
56.9%
Vomit
46.7%

You're not logged in!

Compare scores with friends on all Sporcle quizzes.
OR
Log In

You Might Also Like...

Show Comments

Extras

Top Quizzes Today


Score Distribution

Your Account Isn't Verified!

In order to create a playlist on Sporcle, you need to verify the email address you used during registration. Go to your Sporcle Settings to finish the process.

Report this User

Report this user for behavior that violates our Community Guidelines.

Details: